000 01406nam a2200277 i 4500
003 DO-SdBNP
005 20240822094454.0
007 ta
008 240822s2024 dr 000 0 spa d
020 _a9789945945515
040 _aDO-SdBNP
_bspa
_cBNPHU
_erda
082 _bS589
_222
100 1 _aSime, Carmen
_eautora
_986377
245 1 0 _a¡Es ahora! /
_b7 poderes que te liberan /
_cCarmen Sime ; prólogo Xiomara Rosario
264 1 _aSanto Domingo :
_b[editor no identificado],
_c2024.
300 _a194 páginas,
_c23 cm.
336 _2rdacontent
_atexto
_btxt
337 _2rdamedia
_asin mediación
_bn
338 _2rdacarrier
_avolumen
_bnc
500 _aIncluye datos biografícos de la autora en la página 193.
505 2 _tDedicatoria --
_tPrólogo --
_tPreámbulo: despertando en la realidad --
_tPoder #1: Toma decisiones consciente --
_tPoder #2: Camino de vida o de muerte --
_tPoder #3: Sistema de creencias: a favor o en contra --
_tPoder #4: Controla tus emociones antes de que te controlen a ti --
_tPoder #5: Rompiendo patrones para lograr cambios duraderos --
_tPoder #6: Yo primero por amor a los demás --
_tPoder #7: Fortaleciendo mi espiritualidad --
_tEpílogo: tu tiempo es ahora --
_tAgradecimientos --
_tRecursos adicionales --
_tSobre la autora /
590 _aInventariado, 2024/ YL
700 1 _aRosario, Xiomara
_eprólogo
_986378
910 _aYLockward
942 _2ddc
_cLBS1
999 _c57525
_d57525